| 000 -LEADER |
| fixed length control field |
01002nam a22001937a 4500 |
| 005 - DATE AND TIME OF LATEST TRANSACTION |
| control field |
20220721151156.0 |
| 008 - FIXED-LENGTH DATA ELEMENTS--GENERAL INFORMATION |
| fixed length control field |
220721s2019ru xxu||||| |||| 00| 0 rus d |
| 020 ## - INTERNATIONAL STANDARD BOOK NUMBER |
| International Standard Book Number |
9789941266560 |
| 041 ## - LANGUAGE CODE |
| Language code of text/sound track or separate title |
geo |
| 080 ## - UNIVERSAL DECIMAL CLASSIFICATION NUMBER |
| Universal Decimal Classification number |
323.15(479.222.5)+21/28(479.22) И-25 |
| 100 ## - MAIN ENTRY--PERSONAL NAME |
| Personal name |
Ивелашвили, Тина |
| 9 (RLIN) |
14464 |
| 245 ## - TITLE STATEMENT |
| Title |
Религиозные меньшинства в Самцхе-Джавахети : |
| Remainder of title |
[Монография] / |
| Statement of responsibility, etc. |
Тина Ивелашвили ; Ред. Бондо Арвеладзе . |
| 300 ## - PHYSICAL DESCRIPTION |
| Extent |
298 с.: |
| Other physical details |
20 см. |
| 500 ## - GENERAL NOTE |
| General note |
ბიბლიოგრაფია ტექსტის შენიშვნებში და გვ. 290-298. |
| 653 ## - INDEX TERM--UNCONTROLLED |
| keyword |
რელიგიური უმცირესობა სამცხე-ჯავახეთში. |
| 700 ## - ADDED ENTRY--PERSONAL NAME |
| Personal name |
Арвеладзе, Бондо |
| Relator term |
რედაქტორი |
| 9 (RLIN) |
14469 |
| 710 ## - ADDED ENTRY--CORPORATE NAME |
| Corporate name or jurisdiction name as entry element |
ЮЛГП Национальный научный фонд Шота Руставели. |
| 9 (RLIN) |
14470 |
| 942 ## - ADDED ENTRY ELEMENTS (KOHA) |
| Source of classification or shelving scheme |
|
| Koha item type |
წიგნი |